Logo BPK

Biblioteka

Politechniki Koszalińskiej

Degradacja i ochrona atmosfery : (Rekord nr 31395)

Szczegóły MARC
000 -ETYKIETA REKORDU
podpole kontrolne o stałej długości 00829nam a2200253 i 4500
001 - NUMER KONTROLNY REKORDU
pole kontrolne bg
020 ## - MIĘDZYNARODOWY ZNORMALIZOWANY NUMER KSIĄŻKI - ISBN
ISBN 8386282584
040 ## - ŹRÓDŁO KATALOGOWANIA
Instytucja, która utworzyła rekord BPK
041 0# - KOD JĘZYKA
Kod języka tekstu pl
Kod języka streszczenia lub abstraktu ende
080 ## - UNIWERSALNA KLASYFIKACJA DZIESIĘTNA - UKD
UKD 504.3.05:914.38
920 ## - Międzynarodowy znormalizowany numer książki – ISBN
ISBN 83-86282-58-4
008 - POLE O STAŁEJ DŁUGOŚCI - DANE KONTROLNE
podpole kontrolne o stałej długości s pl f |000 0 pol
100 1# - NAZWA OSOBOWA
Nazwa osobowa ŻUKOWSKI, Paweł
245 10 - TYTUŁ/ODPOWIEDZIALNOŚĆ
Tytuł Degradacja i ochrona atmosfery :
Ciąg dalszy tytułu (zarys problematyki metod badań) /
Pozostałe elementy strefy tytułu i oznaczenia odpowiedzialności Paweł Żukowski.
260 ## - STREFA ADRESU WYDAWNICZEGO
Miejsce wydania Rzeszów :
Nazwa wydawcy/dystrybutora Wydaw. Oświatowe FOSZE,
Data publikacji, dystrybucji/powstania dokumentu 1996.
300 ## - STREFA OPISU FIZYCZNEGO
Objętość 188, [2] s. :
Inne cechy fizyczne wykr. ;
Rozmiary 19 cm.
490 1# - STREFA SERII I DOKUMENTU WIELOCZĘŚCIOWEGO - FORMA NIE DO WYSZUKIWANIA
Tytuł i oznaczenie odpowiedzialności serii Ochrona i Kształtowanie Środowiska
504 ## - UWAGA DOTYCZĄCA BIBLIOGRAFII
Informacje o bibliografii Bibliogr. s. 115-[117]. - Streszcz., summ., Zsfassung.
650 #9 - HASŁO PRZEDMIOTOWE W FORMIE NAZWY OGÓLNEJ LUB JEDNOSTKOWEJ
Nazwa ogólna lub geograficzna Atmosfera
Określnik ogólny higiena i ochrona
650 #9 - HASŁO PRZEDMIOTOWE W FORMIE NAZWY OGÓLNEJ LUB JEDNOSTKOWEJ
Nazwa ogólna lub geograficzna Atmosfera
Określnik ogólny badanie
-- metody
651 #9 - HASŁO PRZEDMIOTOWE W FORMIE NAZWY GEOGRAFICZNEJ
Nazwa geograficzna Szczecin, okręg
Określnik ogólny higiena
830 ## - HASŁO DODATKOWE SERII LUB DOKUMENTU WIELOCZĘŚCIOWEGO - TYTUŁ UJEDNOLICONY
Tytuł ujednolicony Ochrona i Kształtowanie Środowiska
856 ## - LOKALIZACJA I DOSTĘP DO ELEKTRONICZNYCH DOKUMENTÓW ZDALNYCH
Link (URL) http://koha.tu.koszalin.pl/cgi-bin/koha/opac-detail.pl?biblionumber=31395
Tekst linku Katalog online BPK
942 ## - DODATKOWE ELEMENTY (KOHA)
Typ dokumentu Książka
Egzemplarze
Wycofany Status egzemplarza Uszkodzony Dostępność Lokalizacja stała Lokalizacja bieżąca Miejsce przechowywania Sygnatura Kod kreskowy Dział Typ dokumentu Ostatnio wypożyczono
      Tylko na miejscu Biblioteka Politechniki Koszalińskiej Biblioteka Politechniki Koszalińskiej Czytelnia BG 38734 01218626 502.3 Środowisko atmosfery Książka  
      Dostępny Biblioteka Politechniki Koszalińskiej Biblioteka Politechniki Koszalińskiej Wypożyczalnia BG 38735 01218633   Książka 18.06.2020
© 2023 Biblioteka Politechniki Koszalińskiej :: KOHA